| 000 | 00573nam a2200193 u 4500 | ||
|---|---|---|---|
| 005 | 20240228064157.0 | ||
| 008 | 141118s2009 r 000 0 eng d | ||
| 020 | _a9786077749059 | ||
| 035 | _aUPN01000200797 | ||
| 049 | _aI | ||
| 050 | 4 |
_aPZ78 _bM3.27 |
|
| 100 | 1 |
_aMagallanes, Alejandro, _d1971- _934562 |
|
| 245 | 1 | 0 |
_aArmo con letras las palabras / _cAlejandro Magallanes. |
| 260 |
_aMéxico : _bCIDCLI, _c2009. |
||
| 300 |
_a[36] p. : _bil. |
||
| 650 | 7 |
_aLibros ilustrados para niños _2 _921365 |
|
| 650 | 4 |
_aLibros y lectura para niños _92290 |
|
| 905 | _aInfantil | ||
| 999 |
_c172898 _d172898 |
||